Физические основы измерений: учебное пособие

Sonraí bibleagrafaíochta
Príomhchruthaitheoir: Дресвянников А. Ф.
Údar corparáideach: Казанский государственный технологический университет (КГТУ)
Rannpháirtithe: Петрова Е. В., Ермолаева Е. А.
Achoimre:Кратко изложены теоретические основы измерений основных и вспомогательных физических величин, используемых в химической промышленности, приведены примеры первичных преобразователей, средств и методов измерений. Предназначено для студентов специальностей «Стандартизация и сертификация» и «Управление качестеом» дневной формы обучения. Подготовлено на кафедре аналитической химии, сертификации и менеджмента качества.
Teanga:Rúisis
Foilsithe / Cruthaithe: Казань, КГТУ, 2008
Ábhair:
Formáid: LEABHAR
KOHA link:https://koha.lib.tpu.ru/cgi-bin/koha/opac-detail.pl?biblionumber=177702

MARC

LEADER 00000nam0a2200000 4500
001 177702
005 20231101223343.0
010 |a 9785788205625 
035 |a (RuTPU)RU\TPU\book\192672 
090 |a 177702 
100 |a 20100324d2008 m y0rusy50 ca 
101 0 |a rus 
102 |a RU 
105 |a a j 001zy 
200 1 |a Физические основы измерений  |e учебное пособие  |f А. Ф. Дресвянников, Е. В. Петрова, Е. А. Ермолаева  |g Казанский государственный технологический университет (КГТУ) 
210 |a Казань  |c КГТУ  |d 2008 
215 |a 308 с.  |c ил. 
320 |a Библиогр.: с. 302-303. 
330 |a Кратко изложены теоретические основы измерений основных и вспомогательных физических величин, используемых в химической промышленности, приведены примеры первичных преобразователей, средств и методов измерений. Предназначено для студентов специальностей «Стандартизация и сертификация» и «Управление качестеом» дневной формы обучения. Подготовлено на кафедре аналитической химии, сертификации и менеджмента качества. 
606 1 |a Физические измерения  |2 stltpush  |3 (RuTPU)RU\TPU\subj\63833  |9 80767 
610 1 |a учебные пособия 
610 1 |a физические величины 
610 1 |a константы 
610 1 |a квантовые эффекты 
610 1 |a резонансные явления 
610 1 |a измерительные сигналы 
610 1 |a помехи 
610 1 |a средства измерений 
610 1 |a температура 
610 1 |a теплопроводность 
610 1 |a фотометрические измерения 
610 1 |a физика 
610 1 |a управление качеством 
675 |a 53.08(075.8)  |v 3 
700 1 |a Дресвянников  |b А. Ф. 
701 1 |a Петрова  |b Е. В. 
701 1 |a Ермолаева  |b Е. А. 
712 0 2 |a Казанский государственный технологический университет (КГТУ)  |c (1992- )  |2 stltpush  |3 (RuTPU)RU\TPU\col\224 
801 1 |a RU  |b 63413507  |c 20100324 
801 2 |a RU  |b 63413507  |c 20100409  |g RCR 
900 |a Физические основы измерений 
942 |c BK